000 01318nam a2200373Ia 4500
003 OSt
005 20220912144936.0
006 a|||||r|||| 00| 0
007 ta
008 220909b |||||||| |||| 00| 0 eng d
020 _a9783540856436 (hbd)
024 _a84295
037 _b400, 09/03/2009, N R Book Distributors
037 _cTextbook
040 _aCSL
_beng
_cCSL
041 _aeng
082 _aD65,8(B):(S:72), P9 TD
100 _aNedjah Nadia Ed.
245 0 _aIntelligent text categorization and clustering
260 _aBerlin
_bSpringer
_c2009
300 _avi, 120p.
_ccm.
490 _aStudies in computational intelligence, 164
500 _aIncludes bibliographical references.; Index 119-120p.
650 _a Artificial intelligence
650 _a Natural language processing
650 _a Text processing
650 _aComputer science
700 _a Franca Felipe M G Ed.
700 _a Kacprzyk Janusz Ed.
700 _a Mourelle Luiza de Macedo Ed.
700 _a Souza Alberto Ferreira de Ed.
942 _hD65,8(B):(S:72), P9 TD
_cTB
_2CC
999 _c19526
_d19526